000 01023nas a2200349 4500
001 BR0503859
003 BR-BrBNA
005 20231205105511.0
007 ta
008 230509b bl.|||p| |||| 00| 00por d
040 _aBR-BrBNA
_bpor
_cBiblioteca Nacional de Agricultura
041 _a(Pt)
072 _aK50
100 1 _aCalegari, L.
100 1 _aHaselein, C.R.
100 1 _aBarros, M.V.
100 1 _aScaravelli, T.L.
100 1 _aDacosta, L.P.E.
100 1 _aPedrazzi, C.
100 1 _aHillig, E.
245 1 _aAdição de aparas de papel reciclável na fabricação de chapas de madeira aglomerada
650 _aPINHEIRO
650 _aCHAPA DE PARTÍCULAS
650 _aPROPRIEDADE FÍSICO-QUÍMICA
650 _aPROPRIEDADE MECÂNICA
650 _aRECICLAGEM
650 _aPAPEL
650 _aRIO GRANDE DO SUL
773 0 _tCiência Florestal (Brazil)
_xISSN 0103-9954
_g(Jun 2004), v. 14(1) p. 193-204
_wBR0503859
909 _a202311
_bLúcia
_c55
_dLúcia Elande
942 _2AGRIS
_n0
_cANA
999 _c183290
_d183290